| 000 | 01187nem a2200313 4500 | ||
|---|---|---|---|
| 001 | ebr10002749 | ||
| 003 | CaPaEBR | ||
| 006 | m u | ||
| 007 | cr cn||||||||| | ||
| 008 | 101210s2000 xx s a s 0 eng d | ||
| 034 | 0 | _aa | |
| 040 |
_aCaPaEBR _cCaPaEBR |
||
| 035 | _a(OCoLC)704410818 | ||
| 050 | 1 | 4 |
_aF866 _b.C35 2000eb |
| 050 | 1 | 4 |
_aG4360 _b.C35 2000eb |
| 052 | _a4360 | ||
| 245 | 0 | 0 |
_aCalifornia's early settlements, 1769-1823 _h[electronic resource]. |
| 246 | 3 |
_iTitle from title screen: _aCalifornia's early settlements 1769-1823-- North America, United States, map |
|
| 255 | _aScale varies. | ||
| 260 |
_a[S.l.] : _bMaps.com, _c2000. |
||
| 300 | _a1 online resource (1 map) | ||
| 533 |
_aElectronic reproduction. _bPalo Alto, Calif. : _cebrary, _d2011. _nAvailable via World Wide Web. _nAccess may be limited to ebrary affiliated libraries. |
||
| 650 | 0 |
_aLand settlement _zCalifornia _vMaps. |
|
| 651 | 0 |
_aCalifornia _vMaps. |
|
| 655 | 7 |
_aElectronic books. _2local |
|
| 710 | 2 | _aMaps.com (Firm) | |
| 710 | 2 | _aebrary, Inc. | |
| 856 | 4 | 0 |
_uhttp://site.ebrary.com/lib/rucke/Doc?id=10002749 _zAn electronic book accessible through the World Wide Web; click to view |
| 999 |
_c3083 _d3083 |
||